000 00360nam a2200169Ia 4500
008 210210b1666 xxu||||| |||| 00| 0 eng d
041 _aeng
082 _a444/497
100 _aMOLIERE
245 _aTheatre complet I-II
260 _aParis
_b-
_c1666
650 _aTheatre
650 _aI-II
650 _acomplet
690 _aFrench
906 _a006691
999 _c129681
_d129681